[Event "4th Prague Futures"]
[Site "Prague CZE"]
[Date "2022.06.08"]
[Round "1.1"]
[White "Peglau, Charis"]
[Black "Tolmacevs, Artjoms"]
[Result "0-1"]
[WhiteElo "2008"]
[BlackElo "2032"]
[WhiteFideId "16219996"]
[BlackFideId "11617519"]
[EventDate "2022.06.08"]

1. Nf3 c5 2. b3 d5 3. Bb2 e6 4. e3 Nf6 5. Be2 Nc6 6. O-O Bd6 7. d3 e5 8. Nbd2
O-O 9. e4 d4 10. Nc4 Bc7 11. a4 b6 12. h3 a6 13. Nh2 Rb8 14. Bc1 b5 15. axb5
axb5 16. Nb2 Be6 17. Bg5 h6 18. Bh4 Bd6 19. Bg4 Bxg4 20. Nxg4 Be7 21. Bxf6 Bxf6
22. Ra6 Rc8 23. Nxf6+ Qxf6 24. Qd2 Qd8 25. f4 Nb4 26. Raa1 exf4 27. Rxf4 Ra8 28.
Rc1 Ra2 29. Nd1 Qg5 30. h4 Qg3 31. Rf5 Rc8 32. Nf2 Qxh4 33. Rf4 Qg3 34. Rf3 Qg5
35. Qd1 g6 36. Nh3 Qe7 37. Nf4 Rca8 38. Rf1 Rb2 39. Qf3 Raa2 40. Nd5 Nxd5 41.
exd5 Rxc2 42. Rxc2 Rxc2 43. d6 Qd7 44. Qd5 Re2 45. Qxc5 Re6 46. Qc7 Rxd6 47. Qc1
Kg7 48. Qf4 Qe6 49. Rf3 Rd5 50. g4 Rg5 51. Qxd4+ Kh7 52. Rf4 h5 53. Kf2 hxg4 54.
b4 g3+ 55. Kf3 Qc6+ 56. Ke3 Qe6+ 57. Kf3 g2 58. Rh4+ Rh5 59. Kxg2 Qe2+ 60. Kh3
Qf3+ 61. Kh2 Rxh4+ 62. Qxh4+ Qh5 63. Kg3 Qxh4+ 64. Kxh4 f5 65. Kg5 Kg7 66. d4
Kf7 0-1

[Event "4th Prague Futures"]
[Site "Prague CZE"]
[Date "2022.06.08"]
[Round "1.2"]
[White "Bouska, Jiri"]
[Black "Zelbova, Lada"]
[Result "1-0"]
[WhiteElo "2191"]
[BlackElo "1980"]
[WhiteFideId "23722223"]
[BlackFideId "23717882"]
[EventDate "2022.06.08"]

1. Nf3 c5 2. g3 Nc6 3. Bg2 g6 4. d4 cxd4 5. Nxd4 Bg7 6. Be3 Nf6 7. h3 d5 8. O-O
O-O 9. c4 Nxd4 10. Bxd4 dxc4 11. e4 Be6 12. Nc3 Qc8 13. e5 Nd7 14. f4 Rd8 15.
Qf3 Nc5 16. Be3 Nd3 17. g4 Kf8 18. Qg3 g5 19. fxg5 Nxe5 20. Qh4 Kg8 21. Be4 Ng6
22. Qf2 Rf8 23. Bf5 Ne5 24. Rad1 Qc6 25. Be4 Qc7 26. Nb5 Qa5 27. Nd4 Rad8 28.
Nf5 Bxf5 29. Qxf5 Rfe8 30. Qxh7+ Kf8 31. g6 Rxd1 32. Rxd1 Rd8 33. Rf1 Rd3 34.
Bxd3 cxd3 35. gxf7 Nxf7 36. Qxd3 Qc7 37. Rf3 Kg8 38. Qd5 1-0

[Event "4th Prague Futures"]
[Site "Prague CZE"]
[Date "2022.06.08"]
[Round "1.3"]
[White "Kuru, Atilla"]
[Black "Balint, Peter"]
[Result "1-0"]
[WhiteElo "1949"]
[BlackElo "2097"]
[WhiteFideId "51607948"]
[BlackFideId "1660713"]
[EventDate "2022.06.08"]

1. e4 e5 2. f4 exf4 3. Nf3 d5 4. exd5 Nf6 5. Bb5+ c6 6. dxc6 Nxc6 7. d4 Bd6 8.
O-O O-O 9. Nbd2 Bg4 10. Nc4 Re8 11. Bxc6 bxc6 12. Qd3 Bc7 13. Nfe5 Bf5 14. Qd1
Bxc2 15. Qxc2 Qxd4+ 16. Kh1 Bxe5 17. Nxe5 Qxe5 18. Bxf4 Qe6 19. Qf2 Nd5 20. Bg3
f6 21. Rfe1 Qd7 22. Qc5 a6 23. Qc4 a5 24. Rac1 Rxe1+ 25. Bxe1 Re8 26. Bxa5 Re6
27. a4 h5 28. b4 Ne3 29. Qb3 Kh8 30. b5 cxb5 31. Qxb5 Qf7 32. Bb6 Qe8 33. Qxe8+
Rxe8 34. Re1 Ra8 35. Bxe3 Rxa4 36. Rf1 Kg8 37. Rf5 h4 38. Rf4 Rxf4 39. Bxf4 Kf7
40. Kg1 Ke6 41. Kf2 Kf5 42. Kf3 g5 43. Bd2 Kg6 44. Ke4 f5+ 45. Ke5 f4 46. Bxf4
h3 47. g4 gxf4 48. Kxf4 Kf6 49. g5+ Kf7 50. Kg3 Kg6 51. Kg4 1-0

[Event "4th Prague Futures"]
[Site "Prague CZE"]
[Date "2022.06.08"]
[Round "1.4"]
[White "Bokhnak, Timofey"]
[Black "Warchol, Kamil"]
[Result "0-1"]
[BlackTitle "FM"]
[WhiteElo "2112"]
[BlackElo "1991"]
[WhiteFideId "14172976"]
[BlackFideId "21858241"]
[EventDate "2022.06.08"]

1. e4 c5 2. c3 Nf6 3. e5 Nd5 4. Bc4 Nb6 5. Bb3 e6 6. Nf3 c4 7. Bc2 d5 8. exd6
Bxd6 9. b3 cxb3 10. axb3 e5 11. O-O O-O 12. Na3 Nc6 13. d4 exd4 14. Nb5 Be7 15.
Nfxd4 Nxd4 16. Nxd4 Nd5 17. Qf3 Nf6 18. Bg5 h6 19. Bh4 Qb6 20. Rfe1 Bd8 21. Ra4
Qd6 22. Raa1 Qb6 23. h3 Bd7 24. Rad1 Rc8 25. Nf5 Bxf5 26. Bxf5 Rc6 27. c4 Qc5
28. Bc2 Ba5 29. Re3 Bc7 30. Qe2 Bf4 31. Rf3 Qe5 32. Qd3 Re8 33. g3 Bg5 34. Rf5
Qc7 35. Bxg5 hxg5 36. Rxg5 Rce6 37. Rf5 Qc6 38. Rf3 a6 39. b4 Re2 40. Bb1 Qb6
41. Qc3 Qc6 42. Bd3 R2e5 43. Kg2 Ne4 44. Bxe4 Rxe4 45. Rd4 Rxd4 46. Qxd4 Re4 47.
Qd8+ Kh7 48. Kh2 f6 49. Rc3 b5 50. c5 Rxb4 51. h4 Re4 52. Qd3 Kh8 53. Rc2 Re1
54. Qd8+ Kh7 55. Qd3+ Kg8 56. f3 Re5 57. Qd8+ Kf7 58. Qd4 a5 59. Kg2 b4 60. Qc4+
Kf8 61. Rd2 Qxc5 62. Rd8+ Ke7 63. Qd3 Qb5 64. Qd6+ Kf7 65. Rf8+ Kg6 66. h5+ Rxh5
67. Qd2 Rd5 68. Qe3 Re5 69. Qd4 Re2+ 70. Kg1 Re1+ 71. Kh2 Re2+ 72. Kg1 Re1+ 73.
Kh2 Qh5+ 74. Qh4 Qxf3 0-1

[Event "4th Prague Futures"]
[Site "Prague CZE"]
[Date "2022.06.08"]
[Round "1.5"]
[White "Kovalskyi, Roman"]
[Black "Sowinski, Pawel"]
[Result "0-1"]
[WhiteElo "2065"]
[BlackElo "2066"]
[WhiteFideId "14184214"]
[BlackFideId "21881979"]
[EventDate "2022.06.08"]

1. e4 c6 2. d4 d5 3. exd5 cxd5 4. Bd3 Nc6 5. c3 Nf6 6. h3 g6 7. Nf3 Bf5 8. O-O
Bg7 9. Re1 O-O 10. Ne5 Nxe5 11. dxe5 Ne4 12. Bxe4 dxe4 13. Bf4 Qc7 14. Nd2 Bxe5
15. Bxe5 Qxe5 16. Qe2 Rad8 17. Nf3 Qf4 18. Nd4 e5 19. Nb3 Rd3 20. Qf1 b6 21. Re2
Rfd8 22. Rae1 h5 23. Nc1 R3d6 24. Re3 Rd2 25. R1e2 h4 26. c4 Qg5 27. Kh2 Kg7 28.
Nb3 R2d3 29. Nc1 Rxe3 30. Rxe3 Rd2 31. b4 Rc2 32. c5 bxc5 33. bxc5 Rxc5 34. Qd1
Rc8 35. Nb3 Rd8 36. Qa1 Qf4+ 37. Kg1 Rd3 38. Qe1 Rxe3 39. fxe3 Qg3 40. Qd2 Bxh3
41. Nc5 Bf5 42. Qf2 Qxf2+ 0-1

[Event "4th Prague Futures"]
[Site "Prague CZE"]
[Date "2022.06.09"]
[Round "2.1"]
[White "Tolmacevs, Artjoms"]
[Black "Sowinski, Pawel"]
[Result "1/2-1/2"]
[WhiteElo "2032"]
[BlackElo "2066"]
[WhiteFideId "11617519"]
[BlackFideId "21881979"]
[EventDate "2022.06.08"]

1. e4 c6 2. d4 d5 3. e5 Bf5 4. Nf3 e6 5. Be2 h6 6. O-O Ne7 7. Nbd2 Nd7 8. a4 g5
9. Nb3 Ng6 10. a5 Qc7 11. a6 b6 12. c4 dxc4 13. Bxc4 Rd8 14. Bd2 g4 15. Ne1 f6
16. f3 h5 17. fxg4 hxg4 18. Bd3 Bxd3 19. Nxd3 Ndxe5 20. Nxe5 Nxe5 21. dxe5 Qxe5
22. Qxg4 Rxd2 23. h3 Qe3+ 24. Kh1 Qxb3 25. Rxf6 Rd6 26. Re1 Be7 27. Rfxe6 Rxe6
28. Rxe6 Qxb2 29. Rxc6 Qa1+ 30. Kh2 Qe5+ 31. Kh1 Qa1+ 32. Kh2 Qe5+ 33. Kh1 Qe1+
34. Kh2 Qe5+ 1/2-1/2

[Event "4th Prague Futures"]
[Site "Prague CZE"]
[Date "2022.06.09"]
[Round "2.2"]
[White "Warchol, Kamil"]
[Black "Kovalskyi, Roman"]
[Result "1/2-1/2"]
[WhiteTitle "FM"]
[WhiteElo "1991"]
[BlackElo "2065"]
[WhiteFideId "21858241"]
[BlackFideId "14184214"]
[EventDate "2022.06.08"]

1. e4 c5 2. Nf3 g6 3. c3 Bg7 4. d4 cxd4 5. cxd4 d5 6. e5 Nc6 7. Bb5 Nh6 8. h3
O-O 9. Nc3 Nf5 10. Bf4 e6 11. Bxc6 bxc6 12. O-O c5 13. dxc5 Qa5 14. Qd2 Qxc5 15.
Rfd1 Bd7 16. Rac1 Qb6 17. Bg5 Rfe8 18. g4 Ne7 19. h4 Qb4 20. Bf4 Nc6 21. a3 Qb3
22. h5 Rab8 23. Rb1 Qc4 24. b4 g5 25. Nxg5 Nxe5 26. Rbc1 h6 27. Bxe5 Bxe5 28.
Nce4 Qa6 29. Nc5 Qd6 30. Nh3 1/2-1/2

[Event "4th Prague Futures"]
[Site "Prague CZE"]
[Date "2022.06.09"]
[Round "2.3"]
[White "Peglau, Charis"]
[Black "Bouska, Jiri"]
[Result "0-1"]
[WhiteElo "2008"]
[BlackElo "2191"]
[WhiteFideId "16219996"]
[BlackFideId "23722223"]
[EventDate "2022.06.08"]

1. d4 Nf6 2. Nf3 g6 3. Nbd2 Bg7 4. e4 d6 5. c3 O-O 6. Bd3 Nc6 7. d5 Nb8 8. O-O
c5 9. Rb1 e6 10. c4 exd5 11. exd5 Nbd7 12. b3 Ng4 13. Bb2 Nge5 14. Bc2 Nxf3+ 15.
Nxf3 Bxb2 16. Rxb2 Qf6 17. Rb1 b5 18. Bd3 bxc4 19. bxc4 Nb6 20. Qc2 Bd7 21. Rfe1
Rfe8 22. Nd2 Ba4 23. Qc1 Qd4 24. Rxe8+ Rxe8 25. Bf1 Bd7 26. Nf3 Qf6 27. Rb3 Bf5
28. Re3 Rxe3 29. Qxe3 Qa1 30. Ng5 Qf6 31. Nf3 Kg7 32. a3 Qa1 33. Nd2 Nd7 34. Nf3
a5 35. h3 Nf6 36. Nd2 Qc1 37. g4 Ne4 38. Nxe4 Qxe3 39. fxe3 Bxe4 40. Kf2 g5 41.
Kg3 Kf6 42. h4 h6 43. Be2 Ke5 44. hxg5 hxg5 45. Kf2 f5 46. gxf5 Bxf5 47. Kf3 g4+
48. Kg3 Ke4 49. Bxg4 Bg6 50. Kf2 Kd3 51. Be2+ Kc3 52. Kg3 Kb3 53. Kf4 Kxa3 54.
e4 Kb4 55. e5 dxe5+ 56. Kxe5 a4 57. d6 Be8 58. Bd3 Kc3 59. Bg6 Bd7 60. Bf5 a3
61. Bxd7 a2 62. Ba4 a1=Q 63. d7 Kxc4+ 64. Ke6 Qd4 65. Ke7 Qe5+ 66. Kf8 Qf6+ 67.
Ke8 Kb4 68. Bd1 Qe6+ 69. Kd8 c4 70. Kc7 Qe7 71. Kc8 Qc5+ 72. Kd8 c3 73. Ke8 Qe5+
74. Kd8 Ka5 75. Kc8 Qc5+ 76. Kd8 Kb6 77. Ke8 Qe5+ 78. Kd8 Kc6 79. Ba4+ Kd6 80.
Kc8 Qc5+ 81. Kd8 Qa5+ 0-1

[Event "4th Prague Futures"]
[Site "Prague CZE"]
[Date "2022.06.09"]
[Round "2.4"]
[White "Zelbova, Lada"]
[Black "Kuru, Atilla"]
[Result "1/2-1/2"]
[WhiteElo "1980"]
[BlackElo "1949"]
[WhiteFideId "23717882"]
[BlackFideId "51607948"]
[EventDate "2022.06.08"]

1. e4 e6 2. d4 d5 3. e5 c5 4. c3 Qb6 5. a3 Nc6 6. Nf3 c4 7. Nbd2 Na5 8. Be2 Bd7
9. O-O Ne7 10. Rb1 Qc7 11. Qc2 Nc8 12. Bd1 Nb6 13. b3 cxb3 14. Nxb3 Nac4 15. Ra1
Rc8 16. Ng5 Ba4 17. Qe2 g6 18. f4 a6 19. f5 exf5 20. Qf3 h6 21. Nh3 Bd7 22. g4
Be7 23. Bc2 Nxe5 24. dxe5 Qxc3 25. e6 Qxf3 26. exd7+ Kxd7 27. Rxf3 Rxc2 28. gxf5
gxf5 29. Bf4 Rg8+ 30. Rg3 Rxg3+ 31. Bxg3 Rc3 32. Na5 Rxa3 33. Rxa3 Bxa3 34. Kf1
Bb4 35. Nb3 Nc4 36. Nf4 Nd2+ 37. Nxd2 Bxd2 38. Ke2 Ba5 39. Nxd5 Ke6 40. Nf4+ Ke5
41. Kd3 Be1 42. Bxe1 Kxf4 43. Bd2+ Kf3 44. Bxh6 f4 45. h4 Kg4 46. Ke2 f6 47. h5
Kxh5 48. Bxf4 Kg4 49. Bc7 b5 50. Bd8 f5 51. Ba5 Kf4 52. Kd3 Ke5 53. Bc3+ Kd5 54.
Bb4 f4 55. Bd2 Ke5 56. Bc3+ Kf5 57. Be1 Kg4 58. Ke4 f3 59. Ke3 a5 60. Bxa5 Kg3
61. Be1+ Kg2 62. Kd3 Kf1 63. Bh4 f2 64. Kc3 Ke2 65. Bxf2 b4+ 66. Kxb4 Kxf2 1/2-1/2

[Event "4th Prague Futures"]
[Site "Prague CZE"]
[Date "2022.06.09"]
[Round "2.5"]
[White "Balint, Peter"]
[Black "Bokhnak, Timofey"]
[Result "0-1"]
[WhiteElo "2097"]
[BlackElo "2112"]
[WhiteFideId "1660713"]
[BlackFideId "14172976"]
[EventDate "2022.06.08"]

1. e4 c6 2. d4 d5 3. exd5 cxd5 4. c4 Nf6 5. Nc3 Nc6 6. Bg5 a6 7. a3 Be6 8. Nf3
g6 9. Rc1 Bg7 10. Be2 dxc4 11. O-O Nd5 12. Ne4 b5 13. Nc5 Bg4 14. Re1 h6 15. Be3
O-O 16. h3 Bf5 17. a4 Qb6 18. Qd2 Kh7 19. Nh4 Bc8 20. Ra1 Ra7 21. Bf3 Rd8 22.
Bxd5 Rxd5 23. Nf3 e5 24. Ne4 Nxd4 25. axb5 axb5 26. Rxa7 Qxa7 27. Nxd4 exd4 28.
Bxh6 Qd7 29. Bf4 Bb7 30. Ng5+ Kg8 31. Qe2 Bc6 32. Ne4 d3 33. Qd2 Rd4 34. Ng5 Qf5
35. Be3 Rd8 36. Ra1 Bf6 37. Ra7 Rd7 38. Ra6 Bb7 39. Ra1 Re7 40. Nf3 Bxf3 41.
gxf3 Qxf3 42. Re1 Qxh3 43. Qa5 Qg4+ 44. Kf1 Re4 45. Qa8+ Kh7 46. Rc1 Qf3 0-1

[Event "4th Prague Futures"]
[Site "Prague CZE"]
[Date "2022.06.10"]
[Round "3.2"]
[White "Kuru, Atilla"]
[Black "Peglau, Charis"]
[Result "1-0"]
[WhiteElo "1949"]
[BlackElo "2008"]
[WhiteFideId "51607948"]
[BlackFideId "16219996"]
[EventDate "2022.06.08"]

1. e4 c6 2. Nf3 d5 3. d3 dxe4 4. dxe4 Qxd1+ 5. Kxd1 Bg4 6. Be2 Nd7 7. Ne1 Bxe2+
8. Kxe2 e5 9. Nd3 f6 10. Be3 O-O-O 11. Nd2 h5 12. a4 a6 13. b4 Nh6 14. f3 Be7
15. Rhb1 Kc7 16. b5 Nf7 17. c4 g5 18. a5 Ra8 19. Bb6+ Nxb6 20. bxc6 bxc6 21.
axb6+ Kb7 22. c5 a5 23. Ra4 Nd8 24. Nc4 Ne6 25. Nxa5+ Rxa5 26. Rxa5 Nd4+ 27. Kf1
Ra8 28. Rxa8 Kxa8 29. b7+ Kb8 30. Nb4 Kxb7 31. Nd5+ 1-0

[Event "4th Prague Futures"]
[Site "Prague CZE"]
[Date "2022.06.10"]
[Round "3.3"]
[White "Bouska, Jiri"]
[Black "Tolmacevs, Artjoms"]
[Result "1-0"]
[WhiteElo "2191"]
[BlackElo "2032"]
[WhiteFideId "23722223"]
[BlackFideId "11617519"]
[EventDate "2022.06.08"]

1. e4 c5 2. Nf3 d6 3. d4 cxd4 4. Nxd4 Nf6 5. Nc3 a6 6. Be2 e5 7. Nb3 Be7 8. Be3
O-O 9. g4 Be6 10. g5 Nfd7 11. h4 b5 12. Nd5 Nc5 13. Nxc5 dxc5 14. Qd2 Nc6 15.
O-O-O Nd4 16. c3 Bxd5 17. exd5 Qxd5 18. Kb1 Qc6 19. cxd4 cxd4 20. Bxd4 exd4 21.
Bd3 f5 22. gxf6 Qxf6 23. Qe2 Rae8 24. Qe4 Qh6 25. Rde1 Bf6 26. Qd5+ Kh8 27. Rxe8
Rxe8 28. Qd7 Qh5 29. Rc1 Rd8 30. Qc6 a5 31. Qc5 Qf3 32. Qxb5 Qxf2 33. h5 Qf3 34.
h6 Qh3 35. hxg7+ Bxg7 36. a3 a4 37. Rc7 Qg3 38. Qh5 Qxd3+ 39. Ka1 Qg6 40. Qh3 d3
41. Rc8 d2 42. Rxd8+ Bf8 43. Qc3+ Kg8 44. Rxd2 h5 45. Qf3 Bg7 46. Qa8+ Kh7 47.
Qxa4 Qg5 48. Qc2+ Kh8 49. Re2 Qb5 50. Qe4 Qa5 51. Ka2 Qc5 52. Rc2 Qf8 53. Qe6
Qf4 54. Qe8+ Kh7 55. Qxh5+ Bh6 56. Qc5 Bg7 57. Qc4 Qe5 58. Re2 Qf6 59. Rh2+ Kg6
60. a4 Qe5 61. Qc6+ Kf7 62. Rc2 Qd4 63. Qc4+ 1-0

[Event "4th Prague Futures"]
[Site "Prague CZE"]
[Date "2022.06.10"]
[Round "3.4"]
[White "Sowinski, Pawel"]
[Black "Warchol, Kamil"]
[Result "1/2-1/2"]
[BlackTitle "FM"]
[WhiteElo "2066"]
[BlackElo "1991"]
[WhiteFideId "21881979"]
[BlackFideId "21858241"]
[EventDate "2022.06.08"]

1. e4 c5 2. Nf3 d6 3. Bb5+ Nd7 4. a4 Nf6 5. Nc3 e6 6. a5 a6 7. Be2 Qc7 8. O-O
Be7 9. d4 cxd4 10. Nxd4 b5 11. axb6 Nxb6 12. Be3 O-O 13. Nb3 Nfd7 14. f4 Nc5 15.
Nxc5 dxc5 16. Qe1 Bb7 17. Qf2 Nd7 18. b3 Kh8 19. h3 f5 20. Bd3 Bf6 21. e5 Be7
22. Bc4 Qc6 23. Qf3 Qb6 24. Qe2 Qc6 25. Qf3 Qb6 26. Qf2 Qc6 27. Rad1 Rg8 28. Qf3
Qb6 29. Qg3 Qc6 30. Qf3 Qb6 1/2-1/2

[Event "4th Prague Futures"]
[Site "Prague CZE"]
[Date "2022.06.10"]
[Round "3.5"]
[White "Bokhnak, Timofey"]
[Black "Zelbova, Lada"]
[Result "1-0"]
[WhiteElo "2112"]
[BlackElo "1980"]
[WhiteFideId "14172976"]
[BlackFideId "23717882"]
[EventDate "2022.06.08"]

1. e4 c5 2. c3 Nf6 3. e5 Nd5 4. Bc4 Nb6 5. Bb3 Nc6 6. Nf3 d5 7. exd6 Qxd6 8. Na3
Be6 9. O-O c4 10. Bc2 O-O-O 11. b3 Bd5 12. Re1 Qf6 13. bxc4 Nxc4 14. Nxc4 Bxc4
15. d4 h6 16. Be4 Bd5 17. Bxd5 Rxd5 18. Qb3 Rd7 19. Bb2 e6 20. c4 Qf5 21. Red1
Bd6 22. d5 Ne5 23. Bxe5 Bxe5 24. Rab1 Bd6 25. Qb5 Rc7 26. c5 Bxc5 27. d6 Bxd6
28. Qxf5 Bxh2+ 29. Kxh2 exf5 30. Nd4 g6 31. Nb5 Re7 32. Nxa7+ Kc7 33. Rdc1+ 1-0

[Event "4th Prague Futures"]
[Site "Prague CZE"]
[Date "2022.06.11"]
[Round "4.1"]
[White "Peglau, Charis"]
[Black "Bokhnak, Timofey"]
[Result "1/2-1/2"]
[WhiteElo "2008"]
[BlackElo "2112"]
[WhiteFideId "16219996"]
[BlackFideId "14172976"]
[EventDate "2022.06.08"]

1. Nf3 d5 2. d4 Nf6 3. Bf4 e6 4. e3 c5 5. c4 Nc6 6. Nc3 cxd4 7. exd4 a6 8. Rc1
Be7 9. Be2 dxc4 10. O-O O-O 11. Bxc4 Nb4 12. Re1 b5 13. Bb3 Bb7 14. Be5 Nbd5 15.
Nxd5 Bxd5 16. Bxd5 Qxd5 17. a3 Rac8 18. Qd3 Nd7 19. Qe2 Nb6 20. Red1 Nc4 21. h3
Rc6 22. Bf4 f6 23. Re1 Rfc8 24. Rcd1 Kf7 25. h4 a5 26. Rd3 g6 27. h5 a4 28.
hxg6+ hxg6 29. Nh2 Rh8 30. Ng4 Rh4 31. Bg3 Rh5 32. Rf3 Kg7 33. Rf4 Rh8 34. Ne3
Nxe3 35. Qxe3 Bd6 36. Re4 Bxg3 37. fxg3 Kf7 38. Re2 Rd6 39. Rc2 Rd7 40. Rc5 Qa2 1/2-1/2

[Event "4th Prague Futures"]
[Site "Prague CZE"]
[Date "2022.06.11"]
[Round "4.2"]
[White "Tolmacevs, Artjoms"]
[Black "Warchol, Kamil"]
[Result "0-1"]
[BlackTitle "FM"]
[WhiteElo "2032"]
[BlackElo "1991"]
[WhiteFideId "11617519"]
[BlackFideId "21858241"]
[EventDate "2022.06.08"]

1. e4 e5 2. Nf3 Nc6 3. d4 exd4 4. Nxd4 Bc5 5. Nb3 Bb6 6. Nc3 Nf6 7. Qe2 a5 8. a4
O-O 9. Be3 Bxe3 10. Qxe3 d5 11. O-O-O Nb4 12. f3 Qe7 13. e5 Re8 14. f4 Bf5 15.
Rd2 c6 16. h3 h6 17. g4 Bh7 18. Bg2 Nd7 19. Qf2 f6 20. exf6 Qxf6 21. Qg3 Nb6 22.
f5 Nc4 23. Rf2 Re3 24. Rf3 Na2+ 25. Nxa2 Qxb2+ 26. Kd1 Rae8 27. Rxe3 Nxe3+ 28.
Ke2 Nxf5+ 0-1

[Event "4th Prague Futures"]
[Site "Prague CZE"]
[Date "2022.06.11"]
[Round "4.4"]
[White "Balint, Peter"]
[Black "Sowinski, Pawel"]
[Result "1/2-1/2"]
[WhiteElo "2097"]
[BlackElo "2066"]
[WhiteFideId "1660713"]
[BlackFideId "21881979"]
[EventDate "2022.06.08"]

1. e4 e6 2. d4 d5 3. Nc3 Bb4 4. e5 c5 5. a3 Bxc3+ 6. bxc3 Qa5 7. Qd2 Nc6 8. Nf3
Nge7 9. Bd3 c4 10. Be2 Qa4 11. O-O Bd7 12. Ne1 O-O-O 13. f4 h5 14. Qd1 Rh7 15.
Be3 Nf5 16. Bf2 f6 17. Nf3 Be8 18. Qd2 Bg6 19. Ra2 b6 20. Re1 Rg8 21. Bf1 Bf7
22. g3 Nh6 23. Bh3 Ng4 24. f5 Nd8 25. Nh4 Qd7 26. Qf4 exf5 27. Qxf5 Rhh8 28.
Qxd7+ Kxd7 29. exf6 gxf6 30. Raa1 Ne6 31. Bg2 Ng5 32. Nf5 Be6 33. Ne3 Nxf2 34.
Kxf2 Kd6 35. h4 Nf7 36. Bf3 Nd8 37. Rab1 Nc6 38. Rb5 Ne7 39. Rb2 Rg7 40. Rbb1
Bd7 41. Re2 f5 42. Ng2 Rhg8 43. Rbe1 Nc6 44. Nf4 Rxg3 45. Bxd5 R8g4 46. Bf3 Rg8
47. Re6+ Kc7 48. Nd5+ Kc8 49. Rd6 R3g6 50. Rxc6+ Bxc6 51. Ne7+ Kd7 52. Bxc6+
Rxc6 53. Nxg8 Rg6 54. Ne7 Rg4 55. Re5 Rxh4 56. Nxf5 Rh2+ 57. Ke3 Rxc2 58. d5
Rxc3+ 59. Kd4 Rxa3 60. Kxc4 Ra4+ 61. Kb3 Rf4 62. d6 Kc6 63. Rd5 Kd7 64. Re5 Kc6
65. Rd5 Kd7 66. Re5 Kc6 1/2-1/2

[Event "4th Prague Futures"]
[Site "Prague CZE"]
[Date "2022.06.11"]
[Round "4.5"]
[White "Zelbova, Lada"]
[Black "Kovalskyi, Roman"]
[Result "0-1"]
[WhiteElo "1980"]
[BlackElo "2065"]
[WhiteFideId "23717882"]
[BlackFideId "14184214"]
[EventDate "2022.06.08"]

1. e4 c5 2. Nf3 g6 3. d4 cxd4 4. Nxd4 Nc6 5. c4 Nf6 6. Nc3 d6 7. Be2 Nxd4 8.
Qxd4 Bg7 9. O-O O-O 10. Qd3 a5 11. Be3 a4 12. h3 Qa5 13. Rab1 Be6 14. Nd5 Bxd5
15. exd5 Nd7 16. Bd4 Bxd4 17. Qxd4 Qc5 18. Qe4 Ne5 19. Kh1 f5 20. Qf4 b5 21. b4
axb3 22. axb3 Ra2 23. Rfe1 b4 24. Kg1 Qa7 25. Bf1 Kh8 26. c5 Qxc5 27. Rbc1 Qb6
28. Qe3 Qxe3 29. Rxe3 g5 30. h4 gxh4 31. f4 Ng6 32. Rf3 Kg7 33. Kh2 Rfa8 34. Bd3
Kf6 35. Rc4 Rd2 36. Rc2 Rxc2 37. Bxc2 Rc8 38. Bd3 Rc3 39. Be2 Rxf3 40. Bxf3 Nxf4 0-1

[Event "4th Prague Futures"]
[Site "Prague CZE"]
[Date "2022.06.13"]
[Round "5.1"]
[White "Sowinski, Pawel"]
[Black "Zelbova, Lada"]
[Result "1-0"]
[WhiteElo "2066"]
[BlackElo "1980"]
[WhiteFideId "21881979"]
[BlackFideId "23717882"]
[EventDate "2022.06.08"]

1. c4 e5 2. Nc3 Nf6 3. Nf3 Nc6 4. e4 Bb4 5. d3 d6 6. a3 Bc5 7. b4 Bb6 8. Be3 Bg4
9. Be2 Bxf3 10. Bxf3 Nd4 11. Na4 Nxf3+ 12. Qxf3 Bxe3 13. fxe3 O-O 14. O-O Qd7
15. Nc3 c6 16. d4 Qg4 17. c5 Qxf3 18. gxf3 Rfd8 19. cxd6 Rxd6 20. dxe5 Rd3 21.
Nd1 Nd7 22. Nb2 Rxe3 23. Nc4 Rc3 24. Rac1 Rxc1 25. Rxc1 b5 26. Rd1 bxc4 27. Rxd7
a5 28. Rc7 axb4 29. axb4 Rb8 30. Rxc6 g5 31. Rxc4 Kf8 32. h4 gxh4 33. f4 Rb6 34.
Kg2 Ke7 35. Kh3 Kd7 36. Kxh4 Rh6+ 37. Kg4 Rg6+ 38. Kf3 Rh6 39. b5 Rh3+ 40. Kg4
Rb3 41. Rc5 Rb4 42. Kf5 Kd8 43. Kf6 Rxe4 44. f5 h5 45. Kxf7 1-0

[Event "4th Prague Futures"]
[Site "Prague CZE"]
[Date "2022.06.13"]
[Round "5.2"]
[White "Warchol, Kamil"]
[Black "Balint, Peter"]
[Result "1/2-1/2"]
[WhiteTitle "FM"]
[WhiteElo "1991"]
[BlackElo "2097"]
[WhiteFideId "21858241"]
[BlackFideId "1660713"]
[EventDate "2022.06.08"]

1. d4 Nf6 2. Bg5 e6 3. Nf3 h6 4. Bf4 c5 5. e3 cxd4 6. exd4 Be7 7. Bd3 b6 8. O-O
O-O 9. Nbd2 Bb7 10. Re1 d6 11. Qe2 Re8 12. h3 Qc7 13. c4 Nbd7 14. Rac1 Qd8 15.
Bh2 Rc8 16. b4 Bf8 17. Qd1 e5 18. Ne4 Nxe4 19. Bxe4 Bxe4 20. Rxe4 d5 21. cxd5
Rxc1 22. Qxc1 f5 23. Re2 e4 24. Ne5 Nxe5 25. Bxe5 Qxd5 26. Qc3 Re6 27. Rc2 Re7
28. a3 Rd7 29. Qc8 Qb7 30. Qe8 Qd5 31. Rc8 Qf7 32. Qxf7+ Kxf7 33. Rc6 Be7 34.
Kf1 Bf6 35. a4 Bxe5 36. dxe5 Re7 37. f4 exf3 38. gxf3 Rxe5 39. Kf2 f4 40. Rc4 g5
41. Rc6 Re6 42. Rc7+ Re7 43. Rc6 Kg7 44. a5 bxa5 45. bxa5 h5 46. a6 1/2-1/2

[Event "4th Prague Futures"]
[Site "Prague CZE"]
[Date "2022.06.13"]
[Round "5.3"]
[White "Kuru, Atilla"]
[Black "Tolmacevs, Artjoms"]
[Result "1/2-1/2"]
[WhiteElo "1949"]
[BlackElo "2032"]
[WhiteFideId "51607948"]
[BlackFideId "11617519"]
[EventDate "2022.06.08"]

1. e4 c5 2. Nf3 d6 3. d4 cxd4 4. Nxd4 Nf6 5. Nc3 a6 6. Bg5 e6 7. f4 Qb6 8. Qd2
Qxb2 9. Rb1 Qa3 10. f5 h6 11. Bxf6 gxf6 12. fxe6 fxe6 13. Be2 Nc6 14. Bh5+ Ke7
15. Nxc6+ bxc6 16. Bf3 Bg7 17. Rb3 Qc5 18. Na4 Qg5 19. Qb4 Bd7 20. Nb6 Rab8 21.
Qa3 a5 22. Nc4 Qc5 23. Qxc5 dxc5 24. Ke2 a4 25. Rb6 Rxb6 26. Nxb6 Rb8 27. Nxa4
Rb5 28. Rd1 f5 29. Rd2 c4 30. c3 Be8 31. exf5 exf5 32. Kd1 Ra5 33. Re2+ Kf8 34.
Nb6 Bf7 35. Bxc6 Bxc3 36. Rc2 Bd4 37. Nxc4 Rc5 38. Nd6 Rxc2 39. Kxc2 Bxa2 40.
Nxf5 Be5 41. h3 Be6 42. Nh4 Kg7 43. Be4 Kf6 44. Nf3 Bc4 45. g4 Be2 46. Ng1 Bf1
47. Bd3 Bg2 48. Be2 Bh2 49. Bf3 Bxg1 50. Bxg2 Kg5 51. Kd3 Bf2 52. Ke4 Bh4 1/2-1/2

[Event "4th Prague Futures"]
[Site "Prague CZE"]
[Date "2022.06.13"]
[Round "5.4"]
[White "Bokhnak, Timofey"]
[Black "Bouska, Jiri"]
[Result "1/2-1/2"]
[WhiteElo "2112"]
[BlackElo "2191"]
[WhiteFideId "14172976"]
[BlackFideId "23722223"]
[EventDate "2022.06.08"]

1. e4 c5 2. Nf3 Nc6 3. d4 cxd4 4. Nxd4 g6 5. c4 Nf6 6. Nc3 Bg7 7. Be3 O-O 8. Be2
d6 9. h3 Bd7 10. O-O Nxd4 11. Bxd4 Bc6 12. Qd3 a5 13. Rfd1 Nd7 14. Bxg7 Kxg7 15.
Qd4+ Kg8 16. Bg4 Ne5 17. f4 Nxg4 18. hxg4 e5 19. Qxd6 Qb6+ 20. c5 Qxb2 21. Qxe5
Rfe8 22. Qd4 Rad8 23. Nd5 Qxd4+ 24. Rxd4 Rxe4 25. Nf6+ Kg7 26. Rxe4 Kxf6 27. Re2
Rd4 28. Rc1 Kg7 29. Rf2 Bd7 30. g5 h6 31. gxh6+ Kxh6 32. Rc3 Kg7 33. Kh2 Kf6 34.
Kg3 Bc6 35. Re2 Kf5 36. Re5+ 1/2-1/2